<?xml version="1.0" encoding="UTF-8"?>
<collection xmlns="http://www.loc.gov/MARC21/slim">
 <record>
  <leader>     na                 </leader>
  <controlfield tag="001">INLIS000000000014556</controlfield>
  <controlfield tag="005">20250122093535</controlfield>
  <datafield tag="035" ind1=" " ind2=" ">
   <subfield code="a">0010-0125000013</subfield>
  </datafield>
  <datafield tag="245" ind1="1" ind2=" ">
   <subfield code="a">Surau :</subfield>
   <subfield code="b">Pendidikan Islam tradisional dalam transisi dan modernisasi /</subfield>
   <subfield code="c">Azyumardi Azra</subfield>
  </datafield>
  <datafield tag="100" ind1="0" ind2=" ">
   <subfield code="a">Azyumardi Azra</subfield>
  </datafield>
  <datafield tag="300" ind1=" " ind2=" ">
   <subfield code="a">xlv, 148 hlm.; 21 cm.</subfield>
  </datafield>
  <datafield tag="700" ind1="0" ind2=" ">
   <subfield code="a">Idris Thaha (editor)</subfield>
  </datafield>
  <datafield tag="260" ind1=" " ind2=" ">
   <subfield code="a">Jakarta :</subfield>
   <subfield code="b">Kencana,</subfield>
   <subfield code="c">2017</subfield>
  </datafield>
  <datafield tag="082" ind1=" " ind2=" ">
   <subfield code="a">297.734 1</subfield>
  </datafield>
  <datafield tag="084" ind1=" " ind2=" ">
   <subfield code="a">297.734 1 AZY s</subfield>
  </datafield>
  <datafield tag="020" ind1=" " ind2=" ">
   <subfield code="a">978-602-422-148-5</subfield>
  </datafield>
  <datafield tag="650" ind1=" " ind2=" ">
   <subfield code="a">Pesantren - Sumatra Barat</subfield>
  </datafield>
  <datafield tag="650" ind1=" " ind2=" ">
   <subfield code="a">Dakwah Islam - Sumatra Barat</subfield>
  </datafield>
  <datafield tag="520" ind1=" " ind2=" ">
   <subfield code="a">Surau, sebagai lembaga pendidikan Islam di Minangkabau, Sumatra Barat, tetap menjadi bagian integral dari collective memory orang-orang Minang secara kesel uruhan. Wacana tentang surau tetap hadir dalam masyarakat Minang, baik di ranah Minangsendiri maupun di rantau. &#13;
&#13;
   Pembicaraan tentang surau semakin menghangat ketika program otonomisasi daerah mulai diterapkan. Surau, dalam konteks otonomisasi, dipercaya masyarakat Minang dapat membangkitkan batang tarandam, yakni rnelahirkan ulama-ulama besar, seperti pernah dihasilkan surau di masa silam. &#13;
&#13;
   Buku ini ingin melihat viabilitas surau di tengah ekspansi pesantren di Sumatra Barat—yang sebenarnya telah tumbuh dan berkembang pesat di Pulau Jawa, dalam dasawarsa terakhir. Untuk memperkaya tema bahasan, dalam buku ini juga disertakan makalah-mal&lt;alah yang memuat pemikiran terkini penulis tentangsurau. &#13;
&#13;
   Kajian buku ini terfokus pada lembaga pendidil&lt;an tradisional masyarakat Minang. Buku ini penting dibaca oleh kalangan pendidik, sejarawan, tokoh agama, dan masyarakat secara umum. Karena, di dalamnya terekam bagaimana wajah sistem pendidikan tradisional di Indonesia dalam menyongsong modernisasi dan masa-masa transisi.</subfield>
  </datafield>
  <controlfield tag="008">250122                e          0 ind  </controlfield>
  <datafield tag="990" ind1=" " ind2=" ">
   <subfield code="a">024.3221/PC/24</subfield>
  </datafield>
  <datafield tag="990" ind1=" " ind2=" ">
   <subfield code="a">024.3222/PC/24</subfield>
  </datafield>
  <datafield tag="990" ind1=" " ind2=" ">
   <subfield code="a">024.3223/PC/24</subfield>
  </datafield>
 </record>
</collection>
